[Event "Sao Sebastiao Online 2nd"]
[Site "Sao Sebastiao do Paraiso"]
[Date "2015.10.11"]
[Round "5.1"]
[White "Batista, Matheus Peres"]
[Black "Bonvini, Alberto Tonhati"]
[Result "0-1"]
[WhiteElo "1764"]
[BlackElo "1798"]
[PlyCount "58"]
[EventDate "2015.10.10"]
[EventType "tourn"]
[EventRounds "9"]
[EventCountry "BRA"]
[SourceTitle "EXT 2022"]
[Source "ChessBase"]
[SourceDate "2021.10.06"]
[SourceVersion "1"]
[SourceVersionDate "2021.10.06"]
[SourceQuality "1"]

1. d4 Nf6 2. Nf3 g6 3. c3 Bg7 4. Nbd2 d5 5. e3 0-0 6. Bd3 Nbd7 7. 0-0 c6 8. Re1 Qc7 9. e4 dxe4 10. Nxe4 Nxe4 11. Bxe4 Nf6 12. Bc2 b6 13. a4 Bb7 14. b3 e6 15. Ba3 Rfd8 16. Qe2 Rac8 17. Ne5 c5 18. dxc5 bxc5 19. Rad1 Nd5 20. Bc1 Nxc3 21. Rxd8+ Rxd8 22. Qe3 Nd5 23. Qe2 Bxe5 24. Qxe5 Qxe5 25. Rxe5 Nb4 26. Bh6 Nxc2 27. h3 Bd5 28. a5 f6 29. Re2 Nd4 0-1

[Event "Batatais IRT op"]
[Site "Batatais"]
[Date "2014.01.19"]
[Round "5"]
[White "Berbel, Eduardo Costa"]
[Black "Batista, Matheus Peres"]
[Result "1-0"]
[WhiteElo "1855"]
[BlackElo "1777"]
[PlyCount "107"]
[EventDate "2014.01.18"]
[EventType "swiss"]
[EventRounds "5"]
[EventCountry "BRA"]
[SourceTitle "CBM 158 Extra"]
[Source "ChessBase"]
[SourceDate "2014.02.28"]
[SourceVersion "1"]
[SourceVersionDate "2014.02.28"]
[SourceQuality "1"]

1. Nf3 d5 2. g3 e6 3. Bg2 Nf6 4. 0-0 Be7 5. d3 b6 6. Ne5 Bb7 7. c4 0-0 8. b3 Nbd7 9. Bb2 c5 10. h3 Qc7 11. f4 d4 12. Nxd7 Nxd7 13. e4 dxe3 14. Bxb7 Qxb7 15. Qf3 Qxf3 16. Rxf3 Bf6 17. Bxf6 Nxf6 18. Rxe3 Rad8 19. a4 Rd7 20. Kf2 Rfd8 21. Ke2 Ne8 22. a5 Nd6 23. g4 b5 24. Na3 a6 25. cxb5 Nxb5 26. Nxb5 axb5 27. a6 Ra7 28. Re5 Rd5 29. Ra5 Rxe5+ 30. fxe5 Kf8 31. d4 cxd4 32. Kd3 f5 33. Kxd4 f4 34. g5 Ke7 35. Ke4 f3 36. Kxf3 Kd7 37. Rxb5 Rxa6 38. Rb7+ Ke8 39. Rxg7 Rb6 40. Rxh7 Rxb3+ 41. Kg4 Rb4+ 42. Kh5 Re4 43. Kg6 Rxe5 44. Kf6 Re3 45. Rh8+ Kd7 46. h4 Rf3+ 47. Kg7 e5 48. Ra8 e4 49. h5 e3 50. Ra4 Rf5 51. Kg6 Re5 52. Ra1 Ke7 53. h6 Re6+ 54. Kg7 1-0

[Event "Batatais IRT op"]
[Site "Batatais"]
[Date "2014.01.18"]
[Round "2"]
[White "Batista, Matheus Peres"]
[Black "Polli, Lucas Ribeiro"]
[Result "1-0"]
[WhiteElo "1777"]
[BlackElo "1666"]
[PlyCount "51"]
[EventDate "2014.01.18"]
[EventType "swiss"]
[EventRounds "5"]
[EventCountry "BRA"]
[SourceTitle "CBM 158 Extra"]
[Source "ChessBase"]
[SourceDate "2014.02.28"]
[SourceVersion "1"]
[SourceVersionDate "2014.02.28"]
[SourceQuality "1"]

1. d4 Nf6 2. e3 e6 3. Nf3 d5 4. Bd3 c5 5. b3 Be7 6. 0-0 Nc6 7. Bb2 0-0 8. Nbd2 a6 9. c4 cxd4 10. exd4 Bd7 11. a3 Rc8 12. Qe2 Qb6 13. c5 Qc7 14. Rac1 Rfe8 15. Ne5 Na7 16. Nxd7 Nxd7 17. Nf3 Bf6 18. Ne5 Nc6 19. Bxh7+ Kxh7 20. Qh5+ Kg8 21. Qxf7+ Kh8 22. Ng6+ Kh7 23. Rc3 Bg5 24. Rh3+ Bh6 25. Bc1 Nf6 26. Rxh6# 1-0

[Event "Batatais op 3rd"]
[Site "Batatais"]
[Date "2013.12.21"]
[Round "3"]
[White "Pimentel, Rafael Favarin G"]
[Black "Batista, Matheus Peres"]
[Result "0-1"]
[WhiteElo "2020"]
[BlackElo "1720"]
[PlyCount "56"]
[EventDate "2013.12.20"]
[EventType "swiss"]
[EventRounds "6"]
[EventCountry "BRA"]
[SourceTitle "CBM 158 Extra"]
[Source "ChessBase"]
[SourceDate "2014.02.28"]
[SourceVersion "1"]
[SourceVersionDate "2014.02.28"]
[SourceQuality "1"]

1. Nf3 d5 2. b3 e6 3. Bb2 Nf6 4. e3 Bd6 5. d4 Nbd7 6. Be2 b6 7. Nbd2 Bb7 8. 0-0 Rc8 9. c4 0-0 10. Rc1 c5 11. h3 Qe7 12. Ne5 Rfd8 13. f4 cxd4 14. exd4 Ne4 15. Bf3 f6 16. Nd3 Ba3 17. Bxa3 Qxa3 18. Re1 f5 19. Ne5 Ba6 20. Nxd7 Rxd7 21. Nxe4 dxe4 22. Be2 Rcd8 23. g4 Rxd4 24. Qc2 Rd2 25. Qc3 Qc5+ 26. Kg2 Qd4 27. Qxd4 R8xd4 28. Rcd1 Rxe2+ 0-1

[Event "Sao Sebastiao op"]
[Site "Sao Sebastiao do Paraiso"]
[Date "2013.10.04"]
[Round "2"]
[White "Montufar Berrios, Eymi Priscila"]
[Black "Batista, Matheus Peres"]
[Result "0-1"]
[WhiteElo "1466"]
[BlackElo "1728"]
[PlyCount "72"]
[EventDate "2013.10.04"]
[EventType "swiss"]
[EventRounds "6"]
[EventCountry "BRA"]
[SourceTitle "EXT 2014"]
[Source "ChessBase"]
[SourceDate "2013.11.20"]
[SourceVersion "1"]
[SourceVersionDate "2013.11.20"]
[SourceQuality "1"]

1. e4 c5 2. Nf3 d6 3. d4 cxd4 4. Nxd4 Nf6 5. Nc3 a6 6. Bc4 e6 7. Bb3 Be7 8. 0-0 0-0 9. Be3 b5 10. a3 Bb7 11. Qd3 Nbd7 12. Bg5 Nc5 13. Qe3 Nfxe4 14. Bxe7 Qxe7 15. Nxe4 Nxe4 16. f3 Nf6 17. Rfe1 d5 18. Qg5 Qc7 19. Kh1 h6 20. Qh4 Nd7 21. f4 Qd8 22. Qg3 Qf6 23. Rad1 Rfe8 24. c3 Nc5 25. Bc2 Rad8 26. b4 Ne4 27. Qe3 Qh4 28. Bxe4 dxe4 29. Rf1 Bd5 30. f5 e5 31. Ne2 Bc4 32. Rde1 Qg5 33. Qb6 Rd2 34. Qc6 Red8 35. Qxe4 Bd5 36. Qxe5 Qxg2# 0-1

[Event "Batatais op 2nd"]
[Site "Batatais"]
[Date "2011.12.16"]
[Round "1"]
[White "Carneiro, Vitor Roberto Castr"]
[Black "Batista, Matheus Peres"]
[Result "1-0"]
[WhiteElo "1968"]
[BlackElo "1765"]
[PlyCount "43"]
[EventDate "2011.12.16"]
[EventType "swiss"]
[EventRounds "6"]
[EventCountry "BRA"]
[SourceTitle "EXT 2013"]
[Source "ChessBase"]
[SourceDate "2012.11.22"]
[SourceVersion "1"]
[SourceVersionDate "2012.11.22"]
[SourceQuality "1"]

1. c4 c5 2. Nc3 e6 3. Nf3 d6 4. d4 cxd4 5. Nxd4 Nf6 6. g3 Be7 7. Bg2 0-0 8. 0-0 a6 9. Bd2 Qc7 10. Rc1 Nc6 11. Nd5 exd5 12. cxd5 Bd7 13. dxc6 bxc6 14. Nxc6 Bxc6 15. Rxc6 Qd7 16. Qc2 Rac8 17. Rc1 Rxc6 18. Qxc6 Qxc6 19. Rxc6 a5 20. Bxa5 Ra8 21. Bb4 Rxa2 22. Rc8+ 1-0